| 000 | 00862nam a2200241 a 4500 | ||
|---|---|---|---|
| 001 | 000023051 | ||
| 005 | 20250725140219.0 | ||
| 008 | 101125s1993 ag r 000 0 spa d | ||
| 040 |
_aDO-SdBNP _bspa _cBNPHU |
||
| 082 |
_a523.1 _bT828h |
||
| 100 | 1 |
_aTrigueirinho _944288 |
|
| 240 | 1 | 0 |
_aHistória escrita nos espelhos. _lEspañol. |
| 245 | 1 | 0 |
_aHistoria escrita en los espejo : _bprincipios de comunicación cósmica / _cTrigueirinho ; traducido del portugués por Hector V. Morel. |
| 260 |
_aBuenos Aires, Argentina : _bKier, _c1993. |
||
| 300 |
_a196, [12] p. ; _c20 cm. |
||
| 534 |
_aTítulo original: _tHistória escrita nos espelhos |
||
| 650 | 0 |
_a Cosmología _91848 |
|
| 650 | 0 |
_aAstronomía _925809 |
|
| 650 | 4 |
_aCiencias del espacio _947438 |
|
| 650 | 4 |
_aFilosofía de la naturaleza _91849 |
|
| 700 | 1 |
_aMorel, Hector V. _etr. _932566 |
|
| 049 | _aBNGR | ||
| 999 |
_c22548 _d22548 |
||